Canvia de xip : al teu voltant, algú pot patir Alzheimer / [coordinació: Núria Palau Verdejo ; guió i dibuixos: Pablo Velarde] al teu voltant, algú pot patir Alzheimer / [coordinació:

Descripción Física: 25 p. : il. col. ; 30 cm

MARC

LEADER 00000nam a2200000Ia 4500
001 17895
008 160829s2000 xx 000 0 cat d
080 |a FU-2-11 
245 |a Canvia de xip :  |b  al teu voltant, algú pot patir Alzheimer / [coordinació:  |b  Núria Palau Verdejo ; guió i dibuixos:  |b  Pablo Velarde] 
250 |a Ed. no venal 
260 |a Barcelona :  |b Diputació de Barcelona. Àrea de Benestar Social,  |c 2000 
300 |a 25 p. :  |b  il. col. ;  |c 30 cm 
650 |a Alzheimer, Malaltia d'  |x Obres de divulgació  |9 36610 
700 |a Palau, Núria  |e coordinador  |9 25811 
700 |a Velarde, Pablo   |9 36612 
710 1 |a Barcelona (Catalunya : Província).   |b Àrea de Benestar Social  |9 52988 
901 |a Arxiu 
942 |n 1  |2 udc 
952 |0 0  |1 0  |4 0  |6 FU211  |7 1  |9 47393  |a Arxiu  |b Arxiu  |d 2016-12-01  |l 0  |o FU-2-11  |p 17895  |r 2016-12-01 00:00:00  |w 2016-12-01  |y ARXIU 
999 |c 51191  |d 51191